Pin US States on a Borderless Map - Sudden Death - Statistics

General Stats
  • This quiz has been taken 1,796,743 times
  • The average score is 12 of 50
Answers on the Map
Answers color-coded by a green-red scale on the quiz's map according to % correct below.
 
Answer Stats
Answer % Correct
Alaska
37%
Hawaii
37%
California
36%
Florida
36%
Texas
36%
Washington
33%
Oregon
31%
Maine
30%
Michigan
29%
Arizona
28%
Louisiana
28%
New Mexico
28%
Montana
27%
Nevada
27%
Georgia
25%
New York
25%
North Dakota
25%
Minnesota
24%
Idaho
23%
South Dakota
23%
Wisconsin
23%
New Jersey
22%
Ohio
22%
Oklahoma
22%
Pennsylvania
22%
South Carolina
22%
Alabama
21%
Illinois
21%
Mississippi
21%
North Carolina
21%
Utah
21%
Colorado
20%
Massachusetts
20%
Indiana
19%
Virginia
19%
Wyoming
19%
Arkansas
18%
Connecticut
18%
Maryland
18%
Tennessee
18%
Delaware
17%
Iowa
17%
Kansas
17%
Kentucky
17%
New Hampshire
17%
Vermont
17%
West Virginia
17%
Missouri
16%
Nebraska
16%
Rhode Island
16%
No matching quizzes found
Score Distribution
Percent of People with Each Score
Percentile by Number Answered
Your Score History
You have not taken this quiz